Chicago Bulls Head Coaches by Picture - Statistics

General Stats
  • This quiz has been taken 29 times
  • The average score is 8 of 24
Answer Stats
Picture Hint Answer % Correct
1989-1998 Phil Jackson
90%
2020-Present Billy Donovan
80%
2010-2015 Tom Thibodeau
75%
2001-2003 Bill Cartwright
60%
2003-2007 Scott Skiles
60%
1986-1989 Doug Collins
55%
1979-1982 Jerry Sloan
50%
2015-2018 Fred Hoiberg
35%
2018-2020 Jim Boylen
35%
1998-2001 Tim Floyd
35%
1966-1968 Johnny 'Red' Kerr
30%
2008-2010 Vinny Del Negro
30%
1968-1976 Dick Motta
25%
1983-1985 Kevin Loughery
25%
1985-1986 Stan Albeck
20%
2007-2008 Jim Boylan
15%
1978-1979 Larry Costello
15%
2003 | 2007 Pete Myers
15%
1982-1983 Paul Westhead
10%
1982 Phil Johnson
10%
1982 Rod Thorn
10%
2001 Bill Berry
5%
1976-1978 Ed Badger
5%
1979 Scotty Robertson
5%
No matching quizzes found
Score Distribution
Percent of People with Each Score
Percentile by Number Answered
Your Score History
You have not taken this quiz